| 000 | 00635nam a2200217Ia 4500 | ||
|---|---|---|---|
| 008 | 101110s9999 xx 000 0 und d | ||
| 041 | _aENGLISH | ||
| 082 | _bJR5809 | ||
| 100 | _aAinapure Varsha, Ainapure Mukund | ||
| 245 | _aBook-keeping & accountancy for Std. XII, Vol.II: Work book | ||
| 260 |
_c2008 _bManan Prakashan, Mumbai |
||
| 300 | _a149 | ||
| 365 | _b0 | ||
| 520 | _aCommerce | ||
| 546 | _aENGLISH | ||
| 630 | _aBook-keeping & accountancy for Std. XII, Vol.II: Work book | ||
| 650 | _aCommerce | ||
| 655 | _aCommerce | ||
| 730 | _aBook-keeping & accountancy for Std. XII, Vol.II: Work book | ||
| 942 | _cBOOK | ||
| 999 |
_c796603 _d796600 |
||